000 00503nam a2200181Ia 4500
001 21041
005 20260306172850.0
008 260306t2005||||xx |||||||||||||| ||spa||
041 _aESP
082 _a344
_bG79F
100 _aGracia Martín, Luis
_eAUT
245 0 _aFundamentos de dogmática penal:
_buna introducción a la concepción finalista de la responsabilidad penal
260 _c2005
300 _a545 páginas :
_c23 cm.
650 _aGEN
654 _aCDE
942 _cLIB
_dJUS
_fJUS
_2ddc
_n
999 _c21041
_d21041